000 00885nam a2200241Ia 4500
008 130821s1997 sp gr spa
020 _a8425910269
040 _aCo-BoUCM
_bspa
041 0 0 _aspa
100 _aPalma Fernández, José Luis
_9157385
245 0 3 _aLa seguridad jurídica ante la abundancia de normas
_cJosé Luis Palma Fernández.
260 _aMadrid (España)
_bCentro de Estudios Políticos y Constitucionales
_c1997
300 _a96 páginas
490 _aCuadernos y Debates
_v68
504 _aIncluye índice.
650 0 4 _aFilosofía del derecho
_915792
650 0 4 _aPositivismo jurídico
_922108
651 _aEspaña
_bConsejo de Estado
_926943
651 _aFrancia
_bConsejo de Estado
_926969
710 _aCentro de Estudios Políticos y Constitucionales
_942025
942 _cLIBRO
_a8
_e1
_mP15
_2DEWEY
_h340.11
999 _c26427
_d26427